000 00619nab a2200205 a 4500
005 20210219161109.0
008 991125s1985 mx 000 0 spa u
035 _aUPN01000178844
100 1 _aIturbe Meza, Leticia
222 _aENTRE MAESTROS :
222 _bREVISTA PARA MAESTROS DE EDUCACION BASICA
245 _a¿ Una reforma para la enseñanza de las matemáticas ? : notas para un análisis
260 _aMéxico
300 _a58-65
362 0 _a2009 Vol. 9, nos. 29-30, jun.-dic.
653 0 _aREFORMA EDUCATIVA
653 0 _aMATEMATICA
653 0 _aACTUALIZACION ACADEMICA
905 _aArticulo
999 _c150947
_d150947